000 00463nam a2200169 i 4500
001 20313
003 ES-MaACL
005 20230906152257.0
007 t|
008 180122s1931 fr ||||1| fre d
100 1 _aOr, Louis d'.
_9164101
245 1 0 _aInitiation à l'algèbre financière /
_cLouis d'Or et Joseph Fischer.
260 _aParis :
_bDunod,
_c1931.
300 _a164 p. ;
_c25 cm.
700 0 _aFischer, Joseph.
_951001
852 _aES-MaACL
_jA-227
999 _c20313
_d20313